Harry Potter: les Métamorphomages - Statistiques

Statistiques générales
  • Ce quiz a été pris 112 fois
  • Le résultat moyen est 4 sur 5
Statistiques - réponses
Information Réponse % Correct
Derniere apparition Harry Potter et les Reliques de la Mort
96%
Métamorphomage connue Nymphadora Tonks
96%
Première apparition Harry Potter et l'Ordre du Phénix
94%
Aptitudes Changer d'apparence à volonté
76%
Métamorphomage connu Teddy Lupin
63%
Aucun quiz correspondant
Distribution des résultats
% des personnes avec chaque résultat
Percentile par nombre de réponses
Votre historique - résultats
Vous n’avez pas pris ce quiz